[Event "Klatovy op-B 23rd"]
[Site "Klatovy"]
[Date "2017.07.05"]
[Round "5"]
[White "Svejdar, Pavel"]
[Black "Kovarova, Oxana"]
[Result "0-1"]
[WhiteElo "1581"]
[BlackElo "1740"]
[PlyCount "50"]
[EventDate "2017.07.01"]
[EventType "swiss"]
[EventRounds "9"]
[EventCountry "CZE"]
[SourceTitle "EXT 2018"]
[Source "ChessBase"]
[SourceDate "2017.10.13"]
[SourceVersion "1"]
[SourceVersionDate "2017.10.13"]
[SourceQuality "1"]

1. e4 e5 2. Nf3 Nc6 3. d4 exd4 4. Nxd4 Bc5 5. Be3 Qf6 6. c3 Nge7 7. Nc2 Bxe3 8. Nxe3 d6 9. Be2 Qg6 10. Nd2 0-0 11. Qc2 a6 12. f4 f5 13. Bd3 fxe4 14. Bxe4 Qh5 15. g3 Be6 16. Bf3 Qc5 17. Qd3 Rae8 18. Ne4 Qb6 19. Ng5 Bf5 20. Qc4+ Kh8 21. Nxf5 Nxf5+ 22. Be4 d5 23. Qxd5 Nd6 24. Kd1 Nxe4 25. Nxe4 Rd8 0-1

[Event "Klatovy op-B 22nd"]
[Site "Klatovy"]
[Date "2016.07.07"]
[Round "6"]
[White "Svejdar, Pavel"]
[Black "Jedlicka, Pavel"]
[Result "1-0"]
[WhiteElo "1544"]
[BlackElo "1548"]
[PlyCount "117"]
[EventDate "2016.07.02"]
[EventType "swiss"]
[EventRounds "9"]
[EventCountry "CZE"]
[SourceTitle "EXT 2019"]
[Source "ChessBase"]
[SourceDate "2018.10.10"]
[SourceVersion "1"]
[SourceVersionDate "2018.10.10"]
[SourceQuality "1"]

1. e4 c6 2. Nf3 d6 3. d4 Bg4 4. Be2 Nd7 5. 0-0 Ngf6 6. Nc3 Bxf3 7. Bxf3 e5 8. Re1 Qc7 9. d5 Be7 10. Bg5 Ng8 11. Be3 a5 12. Ne2 Qd8 13. Ng3 Bg5 14. Bxg5 Qxg5 15. dxc6 bxc6 16. Qxd6 Qf6 17. Qc7 g6 18. Rad1 Qd8 19. Qxc6 Rc8 20. Qa4 Ngf6 21. c3 0-0 22. Qa3 Rc6 23. Be2 Qb6 24. Kf1 h5 25. h4 Nc5 26. f3 Ne6 27. Rd2 Nf4 28. Red1 Rfc8 29. Qe7 Nh7 30. Qxe5 Nxe2 31. Nxe2 Re6 32. Qd4 Qb8 33. g3 g5 34. hxg5 Nxg5 35. Qe3 Nh3 36. Nf4 Qb5+ 37. Kg2 Nxf4+ 38. Qxf4 Rg6 39. Rd8+ Rxd8 40. Rxd8+ Kg7 41. Qd2 h4 42. g4 Qe5 43. Qd4 h3+ 44. Kh1 Qxd4 45. Rxd4 Rb6 46. b3 Rc6 47. c4 Rf6 48. Rd3 Kg6 49. Kh2 Kg5 50. Rd5+ Kf4 51. Rf5+ Rxf5 52. exf5 Kxf3 53. c5 Kxg4 54. c6 Kxf5 55. c7 Kg5 56. Kxh3 Kf4 57. c8Q f5 58. Qc4+ Kf3 59. Qd3+ 1-0

[Event "Klatovy op-B 22nd"]
[Site "Klatovy"]
[Date "2016.07.05"]
[Round "4"]
[White "Svejdar, Pavel"]
[Black "Vavrinkova, Jitka"]
[Result "1/2-1/2"]
[WhiteElo "1544"]
[BlackElo "1625"]
[PlyCount "57"]
[EventDate "2016.07.02"]
[EventType "swiss"]
[EventRounds "9"]
[EventCountry "CZE"]
[SourceTitle "EXT 2019"]
[Source "ChessBase"]
[SourceDate "2018.10.10"]
[SourceVersion "1"]
[SourceVersionDate "2018.10.10"]
[SourceQuality "1"]

1. e4 e6 2. Nf3 d5 3. exd5 exd5 4. d4 Nc6 5. Bb5 Nf6 6. Bg5 Be7 7. h3 0-0 8. 0-0 Bf5 9. a3 Ne4 10. Bxe7 Nxe7 11. Nbd2 Nd6 12. Ba4 Ng6 13. Re1 c6 14. c3 Qf6 15. Bc2 Rfe8 16. Bxf5 Nxf5 17. Qa4 Rf8 18. Ne5 Nxe5 19. Rxe5 Qg6 20. Nf3 f6 21. Re2 Nd6 22. Re7 Rf7 23. Rxf7 Kxf7 24. Re1 Ne4 25. Qb3 Rb8 26. Re2 Kf8 27. Qb4+ Kg8 28. Qb3 Qf7 29. Qc2 1/2-1/2